000 00321nam a2200133Ia 4500
008 100328s9999 xx 000 0 und d
082 _b34376
100 _aहरकारे अरुण.
245 _aकर्ज
260 _bरावजी
630 _aकर्ज
730 _aकर्ज
942 _cBOOK
999 _c524557
_d524554